Přehled základních sociálních a pracovněprávních předpisů platných ke dni 1. listopadu 1998
Prehľad základných sociálnych a pracovnoprávnych predpisov platných ku dňu 1.11.1998 v ČR.
Uložené v:
| Médium: | Kapitola |
|---|---|
| Jazyk: | Czech |
| Predmet: | |
| Tagy: |
Žiadne tagy, Buďte prvý, kto otaguje tento záznam!
|
MARC
| LEADER | 00000naa a2200000 4500 | ||
|---|---|---|---|
| 001 | r034080 | ||
| 005 | 20230913070753.9 | ||
| 041 | 0 | |a cze | |
| 044 | |a CZ | ||
| 245 | 1 | 0 | |a Přehled základních sociálních a pracovněprávních předpisů platných ke dni 1. listopadu 1998 |
| 520 | |a Prehľad základných sociálnych a pracovnoprávnych predpisov platných ku dňu 1.11.1998 v ČR. | ||
| 610 | 2 | 0 | |a predpisy právne |
| 610 | 2 | 0 | |a zákony |
| 610 | 2 | 0 | |a zabezpečenie sociálne |
| 610 | 2 | 0 | |a vzťahy pracovnoprávne |
| 610 | 2 | 0 | |a 1998 |
| 610 | 2 | 0 | |a Česko |